[Event "81st Tata Steel Challengers 2019"]
[Site "Wijk aan Zee"]
[Date "2019.01.25"]
[Round "11"]
[White "Van Foreest, Lucas"]
[Black "Praggnanandhaa R"]
[Result "1/2-1/2"]
[WhiteElo "2502"]
[BlackElo "2539"]
[Annotator "RC"]
[PlyCount "78"]
[EventDate "2019.01.12"]
[EventType "tourn"]
[EventCountry "NED"]
[SourceTitle "playchess.com"]
[Source "ChessBase"]
[SourceQuality "1"]
[TimeControl "40/6000+30:20/3000+30:900+30"]

1. e4 {[%emt 0:00:00]} c5 {[%emt 0:00:00]} 2. Nf3 {[%emt 0:00:00]} e6 {[%emt 0:00:00]} 3. d4 {[%emt 0:00:14]} cxd4 {[%emt 0:00:06]} 4. Nxd4 {[%emt 0:00:04]} a6 {[%emt 0:00:07]} 5. c4 {[%emt 0:00:06]} Nf6 {[%emt 0:00:06]} 6. Nc3 {[%emt 0:00:51]} Qc7 {[%emt 0:00:14]} 7. Be2 {[%emt 0:00:38]} Bb4 {[%emt 0:00:43]} 8. Qd3 {[%emt 0:01:18]} O-O {[%emt 0:00:42]} 9. O-O {[%emt 0:02:36]} Bxc3 {[%emt 0:07:14]} 10. bxc3 {[%emt 0:01:38]} d6 {[%emt 0:00:16]} 11. Nb3 {[%emt 0:10:23]} Nbd7 {[%emt 0:08:55]} 12. Bf4 {[%emt 0:06:09]} e5 {[%emt 0:05:13]} 13. Bg5 {[%emt 0:03:07]} h6 {[%emt 0:04:36]} 14. Bh4 {[%emt 0:01:38]} g5 {[%emt 0:03:41]} 15. Bg3 {[%emt 0:00:12]} Nc5 {[%emt 0:01:10]} 16. Nxc5 {[%emt 0:00:55]} Qxc5 {[%emt 0:00:27]} 17. Rfd1 {[%emt 0:10:44]} Rd8 {[%emt 0:04:47]} 18. Rab1 {[%emt 0:01:35]} b5 {[%emt 0:08:56]} 19. cxb5 {[%emt 0:19:21]} axb5 {[%emt 0:12:22]} 20. Qxb5 {[%emt 0:13:57]} Nxe4 {[%emt 0:05:50]} 21. Qxc5 {[%emt 0:04:53]} Nxc5 {[%emt 0:01:39]} 22. Bxe5 {[%emt 0:02:21]} Bf5 {[%emt 0:01:52]} 23. Bf6 {[%emt 0:01:46]} Bxb1 {[%emt 0:05:01]} 24. Bxd8 {[%emt 0:01:44]} Bc2 {[%emt 0:10:58]} 25. Rxd6 {[%emt 0:06:00]} Ne4 {[%emt 0:00:17]} 26. Rd4 {[%emt 0:00:15]} Nxc3 {[%emt 0:01:48]} 27. Bf3 {[%emt 0:01:53]} Be4 {[%emt 0:06:17]} 28. Rd2 {[%emt 0:08:52]} Bxf3 {[%emt 0:00:33]} 29. gxf3 {[%emt 0:00:03]} Rxa2 {[%emt 0:00:33]} 30. Rxa2 {[%emt 0:00:07]} Nxa2 {[%emt 0:00:04]} 31. Ba5 {[%emt 0:06:36]} Nc1 {[%emt 0:00:08]} 32. Bd2 {[%emt 0:00:22]} Ne2+ {[%emt 0:01:26]} 33. Kg2 {[%emt 0:00:36]} Nd4 {[%emt 0:00:42]} 34. h4 {[%emt 0:00:47]} f6 {[%emt 0:01:08]} 35. Bc3 {[%emt 0:00:24]} Nf5 {[%emt 0:00:07]} 36. Bxf6 {[%emt 0:00:06]} Nxh4+ {[%emt 0:00:04]} 37. Kg3 {[%emt 0:00:05]} Kf7 {[%emt 0:00:10]} 38. Bxg5 {[%emt 0:00:21]} hxg5 {[%emt 0:00:07]} 39. Kg4 {[%emt 0:00:13]} Nxf3 {[%emt 0:00:34]} 1/2-1/2

[Event "81st Tata Steel Challengers 2019"]
[Site "Wijk aan Zee"]
[Date "2019.01.25"]
[Round "11"]
[White "Saduakassova, Dinara"]
[Black "Kuipers, Stefan"]
[Result "1/2-1/2"]
[WhiteElo "2472"]
[BlackElo "2470"]
[Annotator "TA"]
[PlyCount "122"]
[EventDate "2019.01.12"]
[EventType "tourn"]
[EventCountry "NED"]
[SourceTitle "playchess.com"]
[Source "ChessBase"]
[SourceQuality "1"]

{[%evp 22,122,17,6,17,18,31,39,39,38,33,35,33,38,40,0,4,9,12,0,13,13,13,13,15,6,16,6,9,7,12,6,13,7,7,0,0,0,8,7,12,6,15,6,6,6,10,6,14,13,13,0,17,4,14,0,0,0,0,0,5,0,0,0,0,0,5,0,0,0,18,22,41,0,0,0,0,1,49,0,0,0,0,0,0,0,0,0,0,0,0,0,0,0,0,0,0,0,0,0,0,0,0]} 1. d4 d5 2. c4 c6 3. Nf3 Nf6 4. Nc3 e6 5. cxd5 exd5 6. Qc2 g6 7. Bg5 Bg7 8. e3 Bf5 9. Bd3 Bxd3 10. Qxd3 O-O {D35: Queen's Gambit Declined: Exchange Variation} 11. O-O Nbd7 12. b4 {[%cal Bb2b4,Bb4b5][%mdl 32] LiveBook: 5 Games} Re8 13. b5 (13. Rab1 h6 14. Bh4 g5 15. Bg3 Ne4 16. b5 Qa5 17. bxc6 bxc6 18. Rfc1 {1-0 (42) Kryakvin,D (2588)-Pershin,D (2400) St Petersburg 2018}) 13... h6 14. Bxf6 Bxf6 $146 ({Predecessor:} 14... Nxf6 15. bxc6 bxc6 16. Rac1 Ne4 17. Na4 Qa5 18. Qc2 {½-½ (58) Stojanovic,Z (2262)-Rosic,S (2305) Sremska Mitrovica 2006}) 15. Rfc1 Nb6 16. bxc6 bxc6 17. Rab1 Rc8 18. Nd2 c5 19. dxc5 Rxc5 20. Nb3 Rxc3 21. Rxc3 Bxc3 22. Qxc3 Qd7 23. Rd1 Qa4 24. Qb2 Rc8 25. h3 Qb4 (25... h5 {looks sharper.} 26. Ra1 Qb5 27. Qe5 Qd7 28. Nd4 Nc4) 26. Qe2 Qc4 27. Qd2 Qa4 28. Qe2 Qc4 29. Qe1 Qa4 30. Qd2 Rc4 31. Qb2 Rc8 32. Rd4 Rc4 33. Rd2 Qb4 34. Qf6 Rc8 35. Rd4 Rc4 36. Rd2 Rc8 37. Kh2 Qc3 38. Qe7 (38. Qf3 {with more complications.} Qb4 39. Qe2 Qc4 40. Qd1 h5 41. Kg1) 38... Qc7+ 39. Qxc7 Rxc7 $11 {[%mdl 4096] Endgame KRN-KRN} 40. Nd4 Rc1 41. Ne2 Rc5 42. Nf4 Kf8 43. g4 Ke7 44. Kg3 Ra5 45. h4 Ra3 46. h5 Kf6 47. Rc2 gxh5 48. Nxh5+ Ke5 49. Kh4 d4 {[#] Hoping for ...d3.} 50. f4+ Ke4 {White must now prevent ...d3.The position is equal.} 51. exd4 Nd5 52. Ng3+ Kf3 53. Nf5 Nxf4 54. Nxh6 f6 55. Ng8 Ng6+ 56. Kh5 Nf4+ 57. Kh4 Ng6+ 58. Kh5 Nf4+ 59. Kh4 Ng6+ 60. Kh5 Nf4+ 61. Kh4 Ng6+ {Accuracy: White = 59%, Black = 66%.} 1/2-1/2

[Event "81st Tata Steel Challengers 2019"]
[Site "Wijk aan Zee"]
[Date "2019.01.26"]
[Round "12"]
[White "Korobov, Anton"]
[Black "Keymer, Vincent"]
[Result "1-0"]
[WhiteElo "2699"]
[BlackElo "2500"]
[Annotator "TA"]
[PlyCount "93"]
[EventDate "2019.01.12"]
[EventType "tourn"]
[EventCountry "NED"]
[SourceTitle "playchess.com"]
[Source "ChessBase"]
[SourceQuality "1"]

{[%evp 12,93,29,0,15,22,31,0,0,0,0,0,0,0,0,7,8,0,0,0,0,-8,-7,-28,-12,-23,5,-17,0,0,0,0,4,0,0,0,0,-13,0,0,0,0,167,152,179,167,221,216,220,207,227,227,265,252,254,247,522,517,397,231,467,463,456,334,264,66,418,418,495,404,456,479,456,453,369,387,629,618,781,710,707,691,631,619]} 1. c4 e6 2. Nc3 d5 3. d4 Nf6 4. cxd5 Nxd5 5. e4 Nxc3 6. bxc3 c5 7. a3 g6 {D35: Queen's Gambit Declined: Exchange Variation} 8. Nf3 Bg7 9. Be3 O-O {The position is equal.} 10. Be2 Nc6 11. O-O cxd4 12. cxd4 b6 13. h4 $146 ({Predecessor:} 13. Qa4 Bb7 14. Rad1 Ne7 15. Bd3 {1-0 (57) Caruana,F (2807)-Dominguez Perez,L (2739) Saint Louis 2017}) 13... Bb7 14. h5 gxh5 15. Rc1 Rc8 16. e5 Ne7 17. Rxc8 Qxc8 18. Bd3 Qc6 19. Qb1 Ng6 20. Rc1 Qd7 21. Ng5 Rd8 22. Be4 Bd5 23. Bxd5 exd5 24. f4 Qg4 25. Rc7 {[%mdl 64] [#] Double Attack} Rf8 26. e6 f6 $2 (26... fxe6 $11 27. Qc2 Qf5) 27. e7 $18 fxg5 28. exf8=Q+ Nxf8 (28... Bxf8 {was worth a try.} 29. Qb3 Ne7) 29. Qb3 (29. Rxa7 gxf4 30. Bf2 f3 $11) (29. fxg5 Bxd4 30. Qb3 Qe4 $16) 29... gxf4 30. Bf2 (30. Qxd5+ $6 Qe6 $16) 30... Qe6 31. Rxa7 h4 32. Rb7 Qe4 33. Qf3 (33. Qxb6 $6 f3 $16) (33. Rxb6 Bxd4 34. Bxd4 h3 $16) 33... h3 $2 (33... Bxd4 34. Qxe4 Bxf2+ 35. Kxf2 dxe4 36. Rxb6 e3+ 37. Kf3 Kf7 38. Kxf4 e2) 34. Qg4 {[%csl Gb7][%cal Rg4g7] [#]} Ng6 35. Rb8+ (35. Qxh3 $142 {Strongly threatening Qd7.} Ne7 36. Kh2) 35... Nf8 $2 (35... Kf7 36. Rb7+ (36. Rxb6 Bxd4 37. Rb7+ Kf6 $11) 36... Ne7 37. Qh5+ (37. gxh3 Bxd4 38. Bxd4 Qxd4+ 39. Kh2 Qb2+ 40. Qg2 Qe5 $11) 37... Kg8 38. Rb8+ (38. Qxh3 Bxd4 39. Qg4+ Kf8 $16) 38... Bf8 39. Qxh3 Qg6) 36. gxh3 h5 37. Qxh5 Bxd4 {( -> ...Qe1+)} 38. Qg5+ $2 $40 {[%mdl 128] White has some attack.} ({White should try} 38. Re8 $18 Bxf2+ 39. Kxf2 Qd4+ 40. Kg2) 38... Bg7 $4 {[%mdl 8192]} (38... Kf7 $14 39. Bxd4 Qxd4+ 40. Kh2 Qb2+ 41. Qg2 Qe5 42. Rb7+ (42. Rxb6 f3+ 43. Qg3 Qe2+ 44. Kh1 Qf1+ 45. Kh2 Qe2+ 46. Kh1 Qf1+ 47. Kh2 Qe2+ $11) 42... Ke8) 39. Rxb6 d4 40. Rb4 Ne6 41. Rb8+ Nf8 42. Rd8 Qb1+ 43. Kh2 Qc2 $2 (43... Qb2 44. Qxf4 Qe2) 44. Qxf4 {White is clearly winning.} d3 45. Kg2 Qc6+ 46. Qf3 Qg6+ 47. Kh1 {Accuracy: White = 55%, Black = 39%.} 1-0

[Event "81st Tata Steel Challengers 2019"]
[Site "Wijk aan Zee"]
[Date "2019.01.26"]
[Round "12"]
[White "Maghsoodloo, Parham"]
[Black "L'Ami, Erwin"]
[Result "1/2-1/2"]
[WhiteElo "2679"]
[BlackElo "2643"]
[Annotator "TA"]
[PlyCount "31"]
[EventDate "2019.01.12"]
[EventType "tourn"]
[EventCountry "NED"]
[SourceTitle "playchess.com"]
[Source "ChessBase"]
[SourceQuality "1"]

{[%evp 21,31,35,42,22,30,0,4,-26,-27,-25,-27,-29]} 1. e4 e6 2. d4 d5 3. e5 c5 4. c3 Nc6 5. Nf3 Bd7 6. Be2 Nh6 {[%cal Bg8h6,Bh6f5,Bf5h4,Bh4g6][%mdl 32]} 7. O-O Nf5 8. dxc5 Bxc5 9. Bd3 {C02: French: Advance Variation} Nh4 10. Nbd2 {[%cal Bb1d2,Bd2b3,Bb3d4][%mdl 32]} Ng6 11. Nb3 Bb6 {LiveBook: 15 Games} 12. Qe2 (12. Re1 O-O 13. Nbd4 h6 14. Bxg6 fxg6 15. Be3 g5 16. h3 Bxd4 17. Bxd4 {½-½ (29) Shirov,A (2640)-Baklan,V (2604) Baile Govora 2017}) 12... O-O 13. Be3 Bc7 $146 ({Predecessor:} 13... Bxe3 14. Qxe3 b6 15. Nbd4 Na5 16. Bxg6 hxg6 17. b3 Rc8 18. Ng5 Rxc3 19. Qxc3 Qxg5 20. Nf3 Qf5 21. Qc7 Bb5 22. Nd4 Qd3 23. Rfd1 {1-0 (23) Barrer,M (1464)-Kasperski,M (1634) IECC email 2007}) 14. Bg5 Qe8 {[%cal Rg6e5]} 15. Bxg6 fxg6 16. Nbd4 1/2-1/2

[Event "81st Tata Steel Challengers 2019"]
[Site "Wijk aan Zee"]
[Date "2019.01.26"]
[Round "12"]
[White "Chigaev, Maksim"]
[Black "Van Foreest, Lucas"]
[Result "1/2-1/2"]
[WhiteElo "2604"]
[BlackElo "2502"]
[Annotator "TA"]
[PlyCount "78"]
[EventDate "2019.01.12"]
[EventType "tourn"]
[EventCountry "NED"]
[SourceTitle "playchess.com"]
[Source "ChessBase"]
[SourceQuality "1"]

{[%evp 13,78,0,0,0,0,0,61,31,38,11,6,15,30,20,33,29,80,38,88,86,79,46,65,50,155,62,50,14,49,50,44,72,70,0,0,0,0,0,-1,-4,-5,-4,-5,-8,-8,-8,-8,-8,-8,-8,-8,-47,-21,-25,-33,-77,-45,-54,-8,-8,0,0,0,0,0,-8,-6]} 1. d4 Nf6 2. c4 e6 3. Nc3 Bb4 4. Qc2 O-O 5. e4 d5 6. e5 Ne4 7. Bd3 c5 8. Nf3 {0-0 is the strong threat. E32: Nimzo-Indian: Classical (4 Qc2): 4...0-0} cxd4 9. Nxd4 Qh4 ({Better is} 9... Nd7 $11) (9... Nd7 10. Bf4 Qh4 11. g3 Qh5 12. O-O g5 13. cxd5 Bxc3 14. bxc3 exd5 15. Bxe4 dxe4 {½-½ (30) So,W (2786)-Nakamura,H (2787) Saint Louis 2018}) 10. Nf3 $146 {White is slightly better.} ({Predecessor:} 10. O-O Bxc3 11. bxc3 Nc5 12. Nf3 Qh5 13. Be2 dxc4 14. Ng5 Qg6 15. Qxg6 hxg6 {1-0 (44) Vernay,C (2462)-Vanheirzeele,D (2143) Mulhouse 2011}) 10... Qh5 11. cxd5 exd5 12. O-O Nxc3 13. bxc3 Be7 14. Nd4 Qxe5 (14... Nc6 $11 {remains equal.}) 15. Bxh7+ $16 Kh8 16. Bd3 Nc6 17. Be3 Bd6 {[%csl Gd6][%cal Re5h2]} 18. g3 $1 Bh3 {[#]} (18... Qh5 $14) 19. Rfe1 (19. Rfb1 $1 $16) 19... Qh5 $1 $14 20. Nxc6 Qf3 {[%csl Gh3][%cal Rf3g2]} 21. Bf1 Bxf1 22. Rxf1 bxc6 23. Rad1 ({White should try} 23. c4 $14) 23... f5 $1 $11 24. Rfe1 Rae8 25. Qe2 Qxe2 26. Rxe2 f4 27. gxf4 Bxf4 28. Rde1 Bxe3 29. Rxe3 Rxe3 30. fxe3 {[%mdl 4096] Endgame KR-KR} Re8 31. c4 dxc4 32. e4 Rd8 33. Kf2 Rd2+ 34. Ke3 Rxh2 (34... Rd3+ {feels hotter.} 35. Ke2 Rh3 36. Kd2 g6 37. a4 Kg7) 35. Kd4 Kg8 36. Rc1 {The position is equal.} Rxa2 {White must now prevent ...Ra4.} 37. Rxc4 Ra6 38. Ke5 Kf7 {Threatening ...Ke7.} 39. Kd6 {[#]} c5+ $1 {Precision: White = 55%, Black = 49%.} 1/2-1/2

[Event "81st Tata Steel Challengers 2019"]
[Site "Wijk aan Zee"]
[Date "2019.01.26"]
[Round "12"]
[White "Esipenko, Andrey"]
[Black "Saduakassova, Dinara"]
[Result "1-0"]
[WhiteElo "2584"]
[BlackElo "2472"]
[Annotator "TA"]
[PlyCount "47"]
[EventDate "2019.01.12"]
[EventType "tourn"]
[EventCountry "NED"]
[SourceTitle "playchess.com"]
[Source "ChessBase"]
[SourceQuality "1"]

{[%evp 13,47,23,22,9,19,10,20,19,10,9,15,20,33,37,53,34,36,33,35,-104,76,70,152,177,188,164,160,158,146,150,704,697,5279,811,5481,2802]} 1. e4 e5 2. Nf3 Nf6 3. Nxe5 d6 4. Nf3 Nxe4 5. Nc3 Nxc3 6. dxc3 Be7 7. Be3 Nd7 $146 (7... O-O 8. Qd2 {½-½ (21) Aronian,L (2765)-Caruana,F (2832) London 2018}) ({Predecessor:} 7... O-O 8. Qd2 {½-½ (32) Leko,P (2690)-Gormally,D (2482) Douglas 2018}) 8. Qd2 {C42: Petroff Defence: 3 Nxe5 and unusual White 3rd moves} O-O 9. O-O-O c6 10. h4 {The position is equal.} (10. Kb1 d5 11. Bd3 Nc5 12. h4 Nxd3 13. Qxd3 Qd6 14. c4 Rd8 15. cxd5 Qxd5 16. Qxd5 cxd5 17. Nd4 Bd7 18. Nb3 Bf5 19. Nd4 Bd7 20. Nb3 Bf5 21. Nd4 {½-½ (21) Aronian,L (2765)-Caruana,F (2832) London 2018}) 10... d5 11. Kb1 Re8 12. Bd3 Nc5 13. Ng5 h6 14. Bh7+ Kf8 15. c4 Na4 ({Predecessor:} 15... b6 16. cxd5 cxd5 {½-½ (32) Leko,P (2690)-Gormally,D (2482) Douglas 2018}) 16. Qd3 (16. cxd5 $14 {keeps the upper hand.} Qxd5 17. Qxd5 cxd5 18. Nf3) 16... Qd6 $2 (16... hxg5 $17 {stays on course.} 17. hxg5 Bc5) 17. Bc1 $16 hxg5 (17... Rd8 $14) 18. hxg5 Bd8 19. cxd5 cxd5 {[#]} 20. Qf3 $1 Be6 {[#]} 21. Bf5 $1 $40 {[%mdl 1152] White has strong compensation. White is out for blood.} Nb6 $2 (21... Rc8 $16) 22. Rde1 $18 {White is clearly winning.} Nd7 {If only Black now had time for ...Nc5....} 23. Rh8+ Ke7 {[#]} 24. Rxe6+ $1 {[%mdl 512] Accuracy: White = 83%, Black = 48%.} 1-0

[Event "81st Tata Steel Challengers 2019"]
[Site "Wijk aan Zee"]
[Date "2019.01.26"]
[Round "12"]
[White "Praggnanandhaa R"]
[Black "Gledura, Benjamin"]
[Result "0-1"]
[WhiteElo "2539"]
[BlackElo "2615"]
[Annotator "TA"]
[PlyCount "118"]
[EventDate "2019.01.12"]
[EventType "tourn"]
[EventCountry "NED"]
[SourceTitle "playchess.com"]
[Source "ChessBase"]
[SourceQuality "1"]

{[%evp 12,118,18,3,25,17,25,-5,16,-21,-7,-59,-59,-58,-48,-105,-101,-103,-92,-108,-116,-107,-114,-117,-108,-104,-112,-116,-102,-123,-93,-214,-229,-270,-168,-265,-269,-261,-252,-356,-347,-471,-475,-513,-514,-701,-538,-511,-348,-331,-333,-323,-264,-264,-248,-332,-321,-367,-370,-463,-461,-510,-395,-395,-381,-397,-415,-560,-547,-468,-379,-347,-353,-349,-350,-383,-385,-405,-404,-389,-388,-396,-371,-387,-390,-865,-843,-846,-809,-1303,-1248,-29976,-29977,-29979,-29979,-29979,-29980,-29979,-29979,-29981,-29982,-29982,-29983,-29983,-29984,-29987,-29988,-29988,-29989]} 1. Nf3 Nf6 2. g3 g6 3. Bg2 Bg7 4. O-O O-O 5. d4 c5 6. d5 b5 {A49: 1 d4 Nf6 2 Nf3 g6 3 g3: Anti-King's Indian systems} (6... d6 7. Nc3 Na6 8. e4 Rb8 9. Qe2 Nc7 10. a4 Bg4 11. h3 Bxf3 12. Bxf3 Nd7 13. Bg2 b6 14. h4 a6 15. h5 b5 16. axb5 axb5 17. hxg6 hxg6 {1-0 (45) Fedorovsky,M (2483)-Fier,A (2624) Wunsiedel 2016}) 7. c4 {LiveBook: 3 Games} a6 8. Re1 d6 {The position is equal.} 9. e4 Bg4 $146 ({Predecessor:} 9... Nbd7 10. h3 Nb6 11. Nbd2 e5 12. dxe6 Bxe6 13. cxb5 axb5 14. a3 {1-0 (26) Kuzmin-Hrbolka,L (2185) Decin 1998}) 10. Nc3 bxc4 11. e5 (11. Qc2 $11) 11... Nfd7 $15 {[%cal Rd7e5]} 12. exd6 exd6 13. Bf4 {[#]} (13. Qc2 $15) 13... Ne5 $1 $17 {[%mdl 512]} 14. Bxe5 (14. Nxe5 Bxd1) 14... Bxe5 15. Re4 Bxf3 16. Bxf3 Nd7 {[%cal Bb8d7,Bd7e5,Be5g4,Bg4e3][%mdl 32]} 17. Rxc4 Bd4 18. Bg2 Rb8 19. Rb1 Ne5 20. Ra4 Qb6 $36 {[%mdl 2048] ...Bxc3 is the strong threat. Black is on the roll.} 21. Ne4 (21. Qd2 $17) 21... f5 $19 ({Less strong is} 21... Bxb2 22. Bf1 $15) 22. Ng5 {and if Ne6 works, White does fine.} c4 23. Nf3 (23. Nh3 $142) 23... Bxf2+ 24. Kh1 Ng4 25. h3 (25. Qc2 $142) 25... Ne3 ({Not} 25... Bxg3 26. hxg4 fxg4 27. Ng1 $15) 26. Qe2 Bxg3 27. Ng5 Be5 28. Ne6 Nxg2 29. Kxg2 Qb5 30. Qxc4 Rfc8 31. Qxb5 axb5 32. Rb4 Kf7 33. Kf3 Kf6 34. Ke3 Rc4 35. Rxc4 bxc4 {[%mdl 4096] Endgame KRB-KRN} 36. b4 cxb3 37. axb3 Rb4 38. Nd8 Rh4 39. Nc6 Rxh3+ 40. Ke2 {White hopes to continue with b4.} Bf4 41. b4 {intending b5.} Be3 42. Na5 f4 43. b5 {[#]} Rh2+ $1 44. Kd3 Rd2+ 45. Kc3 Rxd5 46. Nc4 Bd4+ 47. Kb4 {Now b6 and White clings on.} Ke6 48. Ka5 $2 (48. b6 Kd7 49. Ka4) 48... f3 49. Ka6 g5 {[%cal Bg6g5,Bg5g4,Bg4g3][%mdl 32]} 50. Re1+ {[#]} Re5 $1 51. Nxe5 dxe5 {Black mates.} 52. b6 {[#]} Bxb6 $1 {[%mdl 512]} 53. Kxb6 {KR-KP} g4 54. Rf1 Kd5 55. Kb5 Ke4 56. Kc4 g3 57. Re1+ Kf4 58. Kd3 f2 59. Rf1 Kf3 {Accuracy: White = 25%, Black = 85%.} 0-1

[Event "81st Tata Steel Challengers 2019"]
[Site "Wijk aan Zee"]
[Date "2019.01.26"]
[Round "12"]
[White "Paehtz, Elisabeth"]
[Black "Kovalev, Vladislav"]
[Result "0-1"]
[WhiteElo "2477"]
[BlackElo "2687"]
[Annotator "TA"]
[PlyCount "60"]
[EventDate "2019.01.12"]
[EventType "tourn"]
[EventCountry "NED"]
[SourceTitle "playchess.com"]
[Source "ChessBase"]
[SourceQuality "1"]

{[%evp 19,60,0,0,5,4,0,-3,-14,-13,-7,-7,-21,-21,-21,-21,-18,-21,-23,-23,-34,-23,-227,-232,-259,-248,-252,-254,-262,-251,-253,-253,-266,-252,-294,-298,-312,-257,-429,-364,-408,-275,-656,-637]} 1. d4 Nf6 2. Nf3 g6 3. Bg5 Bg7 4. Nbd2 d6 5. c3 O-O 6. e4 c5 7. dxc5 dxc5 8. Be2 Nc6 9. O-O Qc7 10. Qc2 b6 {LiveBook: 33 Games} 11. Nc4 {A48: 1 d4 Nf6 2 Nf3 g6: Torre, London and Colle Systems} h6 12. Bh4 Nh5 13. Ne3 $146 {The position is equal.} ({Predecessor:} 13. a4 Nf4 14. Bg3 Nxe2+ 15. Qxe2 Qb7 16. Ne3 {0-1 (45) Marangunic,S (2460)-Sale,S (2425) Zagreb 1997}) 13... e6 14. Rad1 Bb7 15. Rd2 g5 16. Bg3 Nxg3 17. hxg3 Rad8 18. Rxd8 Rxd8 19. Nd2 Ne5 {[%cal Bc6e5,Be5g6,Bg6f4][%mdl 32]} 20. f4 $2 {[#]} (20. Rd1 $11 {and White has nothing to worry.}) 20... Ng6 $1 $19 21. e5 {[#]} gxf4 $1 22. gxf4 {[#]} Nxf4 $1 {[%mdl 512]} 23. Ndc4 (23. Rxf4 Qxe5) 23... Bxe5 {aiming for ...b5.} 24. Bf3 Bxf3 25. Rxf3 Bg7 26. Qe4 Ng6 27. Ng4 Rd1+ 28. Kf2 $2 (28. Rf1 {only move.} Rxf1+ 29. Kxf1) 28... Qe7 29. Nge3 Rd8 30. Rh3 $2 (30. a4) 30... b5 {Accuracy: White = 17%, Black = 96%.} 0-1

[Event "81st Tata Steel Challengers 2019"]
[Site "Wijk aan Zee"]
[Date "2019.01.26"]
[Round "12"]
[White "Kuipers, Stefan"]
[Black "Bareev, Evgeny"]
[Result "0-1"]
[WhiteElo "2470"]
[BlackElo "2650"]
[Annotator "TA"]
[PlyCount "74"]
[EventDate "2019.01.12"]
[EventType "tourn"]
[EventCountry "NED"]
[SourceTitle "playchess.com"]
[Source "ChessBase"]
[SourceQuality "1"]

{[%evp 18,74,29,20,44,16,33,19,37,27,27,23,24,33,18,20,22,14,14,17,24,25,18,20,25,39,31,26,23,0,18,-14,0,0,0,0,18,0,5,5,29,0,7,0,0,0,0,0,0,0,0,-17,-8,-20,-10,-102,-100,-1241,-1250]} 1. e4 c6 2. d4 d5 3. exd5 cxd5 4. Bd3 Nf6 5. h3 Nc6 6. c3 Qc7 7. Nf3 g6 8. Qc2 {B13: Caro-Kann: Exchange Variation and Panov-Botvinnik Attack} (8. O-O Bf5 9. Be2 Bg7 10. Nbd2 O-O 11. a3 Rad8 12. Re1 Rfe8 13. Nf1 Ne4 14. Be3 a6 15. a4 e5 16. dxe5 Nxe5 17. Nxe5 Bxe5 {½-½ (36) Giri,A (2783)-Cheparinov,I (2709) St Petersburg 2018}) 8... Bg7 9. O-O O-O 10. Be3 {LiveBook: 3 Games. White has an edge.} Bd7 11. Qc1 $146 ({Predecessor:} 11. Re1 Nh5 12. Qc1 e5 13. dxe5 Nxe5 14. Nxe5 Bxe5 15. Nd2 Nf4 {0-1 (69) Neuschmied,S (2227)-Hawkins,J (2521) Vienna 2013}) 11... Rfe8 12. Bf4 Qc8 13. Re1 Bf5 14. Bf1 Ne4 15. Na3 {[%cal Bb1a3,Ba3c2,Bc2e3][%mdl 32]} Qd8 16. Qd1 a6 17. Bd3 Nd6 18. Bxd6 Qxd6 19. Bxf5 gxf5 20. Nc2 Kh8 21. Ne3 Qd7 22. Nh4 e6 23. Kh1 Qc7 24. Rg1 Qf4 25. Nf3 {[%cal Bh4f3,Bf3e1,Be1d3][%mdl 32]} Qh6 26. Ne1 Qh4 27. Nd3 Rg8 28. Qf1 Bh6 29. Re1 Bf8 {[%cal Bh6f8,Bf8d6,Bd6c5,Bc5e7,Be7h4][%mdl 32]} 30. g3 Qh6 31. f4 Bd6 32. Kh2 Rg6 33. Qf3 Rag8 34. Ne5 Nxe5 35. dxe5 Bc5 36. h4 {[#]} (36. a4 $11 {remains equal.}) 36... Be7 $1 $17 {[%cal Re7h4] aiming for ...Bxh4!} 37. Ref1 $2 {[%mdl 8192] [#]} (37. h5 $17) 37... Bxh4 $1 {[%mdl 512] Accuracy: White = 42%, Black = 68%.} 0-1

[Event "81st Tata Steel Challengers 2019"]
[Site "Wijk aan Zee"]
[Date "2019.01.27"]
[Round "13"]
[White "Kovalev, Vladislav"]
[Black "Kuipers, Stefan"]
[Result "1-0"]
[WhiteElo "2687"]
[BlackElo "2470"]
[Annotator "TA"]
[PlyCount "47"]
[EventDate "2019.01.12"]
[EventType "tourn"]
[EventCountry "NED"]
[SourceTitle "playchess.com"]
[Source "ChessBase"]
[SourceQuality "1"]

{[%evp 15,47,12,8,1,14,14,14,10,18,5,18,8,20,12,10,9,9,0,9,9,9,9,8,0,9,17,9,12,45,43,29985,29986,29988,29987]} 1. e4 e6 2. d4 d5 3. Nd2 c5 4. Ngf3 cxd4 5. Nxd4 Nc6 6. Bb5 Bd7 7. Nxc6 bxc6 8. Bd3 Qc7 9. Qe2 {C07: French Tarrasch: 3...c5, 4 Ngf3 and 4 exd5 Qxd5} Ne7 10. O-O Ng6 11. Nf3 {The position is equal.} Bd6 12. Re1 (12. c4 dxe4 13. Bxe4 O-O 14. Rd1 Rad8 15. h3 c5 16. b3 Bc6 {0-1 (40) Nepomniachtchi,I (2763)-Vitiugov,N (2719) St Petersburg 2018}) 12... Nf4 13. Bxf4 Bxf4 14. g3 Bd6 $1 15. exd5 cxd5 16. Rac1 {[%cal Ba1c1,Bc1c4,Bc4d4][%mdl 32] [#] Strongly threatening c4.} Rd8 $146 ({Predecessor:} 16... Qb6) 17. c4 dxc4 $1 18. Rxc4 Qb6 19. Ne5 Bxe5 20. Qxe5 O-O $1 21. a3 $40 {[%mdl 128] Black needs to defend precisely.} Rc8 22. Rd4 Bc6 $2 {[%mdl 8192] [#]} (22... Qc7 $14) 23. Bxh7+ $1 {[%mdl 512]} Kxh7 24. Rg4 {Accuracy: White = 97%, Black = 32%.} 1-0